000 00860nam a22002777a 4500
003 CHAP
005 20220329143850.0
008 120329s1995 uk r 00010 eng d
010 _a102968
011 _a103940
020 _a9780122208560
035 _a114629
040 _cCHAP
082 0 4 _a660.63
_bD76y
100 1 _aDoran, Pauline M.
_933992
245 1 0 _aBioprocess engineering principles
_c/por Pauline M. Doran
260 _aLondres, UK. :
_bAcademic Press,
_c1995
300 _axiv, 439 p. :
_bilus.
590 _aBATCH-UPD
_b10
_c20130410
_lUCH01
_h0939
590 _aBATCH-UPD
_b10
_c20130914
_lUCH01
_h1219
590 _aCONVERSION
_b10
_c20130109
_lUCH01
_h1357
650 0 4 _aIngeniería bioquímica.
_958213
901 _aBK
942 _cLIBRO
949 _a660.63 D6Y
_bBC
_cLIBRO
_d33724002318347
_eLIBRO
_gI.260054
_h116469
_i114629
_so
_t$1,377.31
999 _c102968
_d102968